Observing young children
Uloženo v:
| Hlavní autor: | |
|---|---|
| Médium: | Kniha |
| Jazyk: | angličtina |
| Vydáno: |
Sage
2015
|
| Tagy: |
Přidat tag
Žádné tagy, Buďte první, kdo vytvoří štítek k tomuto záznamu!
|
MARC
| LEADER | 00000nam a22000007a 4500 | ||
|---|---|---|---|
| 008 | 210126b ||||| |||| 00| 0 eng d | ||
| 020 | |a 978-1-4462-8581-7 | ||
| 100 | |a BRUCE, Tina. | ||
| 245 | |a Observing young children |c Tina Bruce, Stella Louis [and] Georgie McCall. |g xvi; 154p.; ill. | ||
| 260 | |b Sage |c 2015 |i 692611 |i 692612 |l LB1139.23 .B83 |m Early childhood education. |m Observation (Education method). |m Child development |m Early childhood education – Case studies |m Observation (Educational method) – Case studies | ||
| 942 | |a lcc |c BK |e YUNUSA, A.A. |f 26/01/2021 | ||
| 952 | |0 0 |1 0 |2 lcc |4 0 |6 LB113923 B83 |7 0 |9 1855 |a HOL |b ED |c LP |d 2021-01-26 |l 0 |o LB1139.23 .B83 |p 2021-5723 |r 2021-01-26 00:00:00 |w 2021-01-26 |y BK | ||
| 952 | |0 0 |1 0 |2 lcc |4 0 |6 LB113923 B83 |7 0 |9 1856 |a HOL |b HOL |c LP |d 2021-01-26 |l 0 |o LB1139.23 .B83 |p 2021-5724 |r 2021-01-26 00:00:00 |w 2021-01-26 |y BK | ||
| 999 | |c 972 |d 972 | ||